Deactivation of Military Installations : hearings before the United States Senate Committee on Commerce, Eighty-Seventh Congress, first session, on Sept. 15, Oct. 3, 1961.

Considers S. 1892 and identical S. 2039, to authorize Commerce Dept to conduct studies on economic effects of deactivating military installations in areas where unemployment is high. Oct. 3 hearing was held in New Brunswick, N.J.

Bibliographic Details
Corporate Authors: United States. Congress. Senate. Committee on Commerce, ProQuest (Firm)
Format: Government Document eBook
Language:English
Published: Washington : U.S. G.P.O., 1961.
Series:U.S. Congressional Hearings.
Subjects:
Online Access:Connect to the full text of this electronic book

MARC

Tag First Indicator Second Indicator Subfields
LEADER 00000cam a22000001a 4500
001 in00003206281
006 m d f
007 cr bn mmmapmmp
008 090623s1961 dcu o f000 0 eng d
005 20260604201423.6
035 |a cis2007429373 
040 |a UMI  |c UMI  |d UtOrBLW 
043 |a n-us--- 
086 0 |a Y 4.C 73/2:M 59 
099 |a HRG-1961-COM-0022 
110 1 |a United States.  |b Congress.  |b Senate.  |b Committee on Commerce. 
245 1 0 |a Deactivation of Military Installations :  |b hearings before the United States Senate Committee on Commerce, Eighty-Seventh Congress, first session, on Sept. 15, Oct. 3, 1961. 
264 1 |a Washington :  |b U.S. G.P.O.,  |c 1961. 
300 |a 1 online resource. 
336 |a text  |b txt  |2 rdacontent 
337 |a computer  |b c  |2 rdamedia 
338 |a online resource  |b cr  |2 rdacarrier 
500 |a Record is based on bibliographic data in ProQuest Congressional Hearings Digital Collection. Reuse except for individual research requires license from ProQuest, LLC. 
520 |a Considers S. 1892 and identical S. 2039, to authorize Commerce Dept to conduct studies on economic effects of deactivating military installations in areas where unemployment is high. Oct. 3 hearing was held in New Brunswick, N.J. 
520 |a Considers (87) S. 1892, (87) S. 2039. 
538 |a System requirements: PDF reader software. 
500 |a Electronic resource. 
650 0 |a Military bases  |z United States  |x Economic aspects. 
650 0 |a Unemployment  |z United States  |x Regional disparities. 
655 7 |a Electronic books.  |2 local 
710 2 |a ProQuest (Firm) 
776 0 8 |i Print version:  |a United States. Congress. Senate. Committee on Commerce.  |t Deactivation of Military Installations 
776 0 8 |i Microfiche version:  |a United States. Congress. Senate. Committee on Commerce.  |t Deactivation of Military Installations.  |d [Bethesda, Md.] : ProQuest,[2004]  |o CIS Hrgs MF Gp 3--(87) S1490-5  |w (ProQuest)cis10703416 
830 0 |a U.S. Congressional Hearings. 
856 4 0 |u http://proxy.library.tamu.edu/login?url=https://congressional.proquest.com/congcomp/getdoc?HEARING-ID=HRG-1961-COM-0022  |z Connect to the full text of this electronic book  |t 0 
998 |a cis10703416 
999 |a MARS 
999 f f |s 60bc4b70-292f-3136-b727-9a2c66814df7  |i ab41d94f-fdec-347c-9c44-2099c9d06516  |t 0 
952 f f |a Texas A&M University  |b College Station  |c Electronic Resources  |s www_evans  |d Available Online  |t 0  |e HRG-1961-COM-0022  |h Other scheme 
998 f f |a HRG-1961-COM-0022  |t 0  |l Available Online